000 00909nam a2200121Ia 4500
008 220615s9999||||xx |||||||||||||| ||und||
100 _avan Ham, Maarten||Marcińczak, Szymon||Tammaru, Tiit||Musterd, Sako
245 0 _aChapter 1 A multi-factor approach to understanding socio-economic segregation in European capital cities
546 _aEnglish[eng]
650 _ainequalities||european cities||urban communities||growing inequalities||europe||inequalities||european cities||urban communities||growing inequalities||europe||Budapest||Eastern Europe||Globalization||Prague||Residential segregation in the United States||Socioeconomics||Stockholm||Tallinn||Vienna||Vilnius
856 _uhttps://library.oapen.org/bitstream/20.500.12657/32143/1/615512.pdf||https://library.oapen.org/bitstream/20.500.12657/32143/1/615512.pdf||https://library.oapen.org/bitstream/20.500.12657/32143/1/615512.pdf
942 _cEB
999 _c18780
_d18780